000 00733nam a2200253Ia 4500
003 GCL
008 140319s9999 xx 000 0 ara d
040 _aGCL /
_cGCL
082 0 4 _a191
_bز م
100 1 _aزكريا ابراهيم
245 1 0 _aمشكلة الحرية /
_cزكريا ابراهيم
260 _aالقاهرة :
_bمكتبة مصر ،
_c1991
300 _a279 ص ؛
_c24 سم
490 _aمشكلات فلسفية
_v1
650 0 4 _aالعلم
650 0 4 _aالفلسفة
650 0 4 _aالاخلاق
650 0 4 _aاللاهوت
650 0 4 _aاللاشعور
650 0 4 _aالفلاسفة
650 0 4 _aفلسفة الطبيعة
650 0 4 _aالنقدية ( فلسفة )
942 _2ddc
_cBK
999 _c27678
_d27678